000 005420000a22001810004500
003 MACL
005 20160317133440.0
008 160317b xxu||||| |||| 00| 0 eng d
040 _aMACL
_cMACL
041 _aHindi
082 _a934
100 _aकविराम मोहनसिंह
_946932
245 _aप्राचीन राजस्‍थानी
_bभाग - 3
260 _bसाहित्‍य संस्‍थान
_aउदयपुर
350 _a3
650 _aHistory
_946933
942 _cHIN
_k934
_2ddc
999 _c25726
_d25726